Statistiche per Riconosci la Squadra di calcio - Quiz n°146

Clicka qui per fare il quiz!

Statistiche generali

  • Questo quiz è stato fatto 4 volte
  • Il punteggio medio è 3 su 9

Statistiche sulle risposte

IndizioRisposta% Corretto
Titoli nazionali0
100%
Colori socialiRosa, nero
100%
Trofei nazionali0
25%
ConfederazioneCONCACAF
25%
Capienza Stadio18 000 posti
0%
Trofei internazionali1 Leagues Cup
0%
Fondazione2018
0%
SquadraInter Miami
0%
Divisione nazionale 2023-2024Prima
0%

Distribuzione punteggi

Percentile per numero di risposta

Percentuale di utenti per punteggio

I tuoi punteggi nel tempo

Non hai fatto questo quiz